| 000 | 01877nam a22003497a 4500 | ||
|---|---|---|---|
| 999 |
_c23428 _d23428 |
||
| 003 | AR-CdUCM | ||
| 008 | 251224b2024 pe ||||| |||| 00| 0 spa d | ||
| 020 | _a978-612-49792-0-0 | ||
| 040 |
_aMUNICIPALIDAD PROVINCIAL DEL CUSCO _cBIBLIOTECA MUNICIPAL DEL CUSCO |
||
| 041 | _hspa | ||
| 082 |
_a985.61 / _bM95 |
||
| 110 |
_aMunicipalidad Distrital de Quellouno _951857 |
||
| 245 |
_aQuellouno : _bPueblos Originarios y su Cultura / |
||
| 260 |
_aQuellouno-Cusco : _bMunicipalidad Distrital de Quellouno _c2024 |
||
| 300 |
_a223 páginas. : _c14 x 21 cm. |
||
| 500 | _zPáginas: 222 - 223 | ||
| 505 | _aAspectos Generales del Distrito Quellouno -- Datos -- División Política y administrativa -- Centros Poblados rurales -- Comunidades Nativas -- CC.NN Chirumbia -- Yokiri -- Matoriato -- Kiraateni -- Cambios y continuidad -- Contexto Histórico -- Quellouno un espacio del Antisuyu Prehispánico -- El proceso colonial -- El contexto republicano -- Pueblos Originarios -- Familias de la amazonia cusqueña -- Alto Urubamba -- Geografía y simbolismos -- Distrito Quellouno -- Historia -- Cosmovisión -- Fiesta tradicional del pueblo Mtsigenka -- Música y danza en la cultura -- Medicina tradicional -- Textilería -- Caza -- Agricultura -- Arquitectura -- Gastronomía tradicional -- Tradición Oral.... | ||
| 650 |
_aContexto Urbano _951858 |
||
| 650 |
_aMisión Virgen del Rosario _951859 |
||
| 650 |
_aApostolado _93734 |
||
| 650 |
_aResolución de reconocimientos _951861 |
||
| 650 |
_aGrupos familiares _951862 |
||
| 650 |
_aUbicación geográfica _949570 |
||
| 650 |
_aLímites del anexo _951863 |
||
| 650 |
_aContinuidad cultural _951864 |
||
| 650 |
_aDioses y visiones del mundo _951865 |
||
| 650 |
_aEl Masato _951866 |
||
| 650 |
_aInstrumentos _98778 |
||
| 650 |
_aRecomendaciones _951867 |
||
| 942 |
_2ddc _cLIBROS |
||
| 945 |
_ajmcs _d24/12/2025 |
||